| 000 | 01147nam a2200313 i 4500 | ||
|---|---|---|---|
| 003 | DO-SdBNP | ||
| 005 | 20240805133359.0 | ||
| 006 | a||||gr|||| 00| 0 | ||
| 007 | ta | ||
| 008 | 240730e1978 pr aoca| |||| 00| j spa d | ||
| 040 |
_aDO-SdBNP _bspa _cBNPHU _erda |
||
| 082 | 4 |
_222 _bD559t |
|
| 245 | 1 | 0 |
_a17 del taller: _cantología de cuentos y relatos / _bEditor, Emilio Díaz Valcárcel; ilustrador, Lysette Rosado. |
| 246 | 1 | 1 |
_aDiecisite del taller: _bantología de cuentos y relatos |
| 246 | 1 | 3 |
_aCuentos: _b17 del taller |
| 264 | 1 |
_aGuaynabo, Puerto Rico : _bInstituto de Cultura Puertoriqueña, _c1978 |
|
| 300 |
_a121 páginas : _bilustraciones, fotografías, retratos ; _c17 cm. |
||
| 336 |
_2rdacontent _atexto _btxt |
||
| 337 |
_2rdamedia _asin mediación _bn |
||
| 338 |
_2rdacarrier _avolumen _bnc |
||
| 490 | _aLiteratura Hoy. | ||
| 490 | _aTaller de Narrativa. | ||
| 590 | _aInventariado 2024 / MF | ||
| 650 | 4 |
_aLiteratura Puertorriqueña _xcuentos _921432 |
|
| 650 | 4 |
_aCuento Puertorriqueño _914127 |
|
| 700 | 1 |
_aDíaz Valcárcel, Emilio, _eeditor _986211 |
|
| 700 | 1 |
_aRosado, Lysette, _eilustrador _986212 |
|
| 942 |
_2ddc _cLBS1 |
||
| 999 |
_c57366 _d57366 |
||